| 000 | 01004nam a22002417a 4500 | ||
|---|---|---|---|
| 999 |
_c63961 _d63961 |
||
| 003 | Ge_BSU | ||
| 005 | 20260227110746.0 | ||
| 008 | 260227s1989 enk||||| |||| 00| 0 eng d | ||
| 020 | _a9780671735869x | ||
| 041 | _aeng | ||
| 080 | _a339.9(520) E-51 | ||
| 100 |
_aEmmott, Bill. _927007 |
||
| 245 |
_aThe sun also sets : _bThe limits to Japan's economic power / _c Bill Emmott. |
||
| 264 |
_aNew York : _bSimon & Schuster, _c1989. |
||
| 300 |
_a292 p. ; _b23 cm. |
||
| 440 |
_aA Touchstone b. Business/Current affairs _927008 |
||
| 504 | _aBibliogr.: p. 277-279. | ||
| 653 | _aიაპონიის საგარეო ეკონომიკური ურთიერთობები | ||
| 653 | _aიაპონიის საგარეო ურთიერთობები | ||
| 653 | _aეკონომიკური პროგნოზირება | ||
| 653 | _aკონკურენცია, საერთაშორისო | ||
| 942 |
_2udc _cᲬᲘᲒᲜᲘ |
||